Štatút Štátneho podporného fondu pôdohospodárstva a potravinárstva

Bibliographic Details
Format: Article
Language:Slovak
Subjects:

MARC

LEADER 00000nab a2200000 a 4500
001 vtls000524113
003 SK-MaSNL
005 20260303010322.0
008 120928c1994 xo 0 slo
015 |a SNBRB19rr/mm-uuuuu 
035 |a CL0524251 
040 |a SNKBUCL  |b slo  |c SNKBUCL  |e AACR2 
041 0 |a slo 
044 |a xo  |c SK 
080 |a 338.434:061.2(437.6):63:663/664  |2 1981 
080 |a 63  |2 1981 
080 |a 663/664  |2 1981 
245 0 0 |a Štatút Štátneho podporného fondu pôdohospodárstva a potravinárstva 
650 0 7 |a Štátny podporný fond pôdohospodárstva a potravinárstva  |2 snkbucl  |9 899956 
655 7 |a články z novín a časopisov  |2 snkbucl  |9 267496 
773 0 |t Informácie Ministerstva pôdohospodárstva Slovenskej republiky  |g Roč. 22, č. 6 (1994), s. 13-16 
850 |a Slovenská národná knižnica v Martine  |a MTA001 
852 |a SNK  |b KIS3GCP 
958 |a RK 
992 |a RBX 
999 |c 1586499  |d 1588429